Gaming Quiz

Random Gaming or Letter Quiz

Zelda Alphabet Quiz Stats

 Plays Quiz Updated Apr 12, 2019

Score 0/26 Timer 07:00
10 Plays Today
Letter Word/Phrase % Correct
LLink
92%
ZZelda
85.3%
OOcarina
80.4%
GGanon
80%
TTriforce
79.8%
DDeku
74.6%
PPower
73.5%
BBombchu
65.9%
NNayru
55.1%
HHappy Mask Salesman
44.3%
FFaron Woods
40.6%
IIngo
40.4%
CCucco
40.2%
Letter Word/Phrase % Correct
AAnju
39.1%
RRauru
36.6%
KKeaton
35.6%
VVaati
31.6%
WWind Fish
27%
YYeta
26.9%
JJabun
24.4%
MMarin
24.1%
QQuake Medallion
23.9%
EError
20.8%
UUp Thrust
13.4%
XX-Shaped Jewel
11.1%
SSalvatore
10.3%

You're not logged in!

Compare scores with friends on all Sporcle quizzes.
OR
Log In

Sporcle TV

Today on Sporcle TV


Watch our educational content, quiz creation guides, and fun videos on Sporcle TV.

Show Comments

Extras

Top Quizzes Today


Score Distribution

Your Account Isn't Verified!

In order to create a playlist on Sporcle, you need to verify the email address you used during registration. Go to your Sporcle Settings to finish the process.

Report this User

Report this user for behavior that violates our Community Guidelines.

Details: